000 00286nam a22001337a 4500
008 170328b xxu||||| |||| 00| 0 eng d
020 _a0910317720
041 _aeng
080 _a796.3
100 _a8
101 _aSHM
245 _aOCCUPATIONAL THERAPY
_cALLEN, C.K
942 _2udc
_cBK
999 _c8811
_d8811